Fnaf AR Quiz - Statistics

General Stats
  • This quiz has been taken 173 times
  • The average score is 31 of 68
Answer Stats
Hint Answer % Correct
Fnaf 1: Freddy
99%
Bonnie
97%
Chica
97%
Golden Freddy
94%
Foxy
93%
Fnaf 2: Toy Freddy
90%
Toy Chica
87%
Mangle
85%
Toy Bonnie
85%
Fnaf 3: Springtrap
82%
Endo 01
78%
Ballora
72%
BB
70%
Sister Location: Baby
69%
Jack-o-Bonnie
67%
Fnaf 4: Plushtrap
67%
Jack-o-Chica
64%
Shadow Bonnie
61%
Skins: Freddy Frostbear
52%
Shamrock Freddy
52%
Chocolate Bonnie
49%
VR Toy Freddy
49%
Easter Bonnie
48%
Liberty Chica
48%
Firework Freddy
45%
System Error Toy Bonnie
45%
Cupcakes: Cupcake
43%
Highscore Toy Chica
43%
8-Bit Baby
42%
Black Ice Frostbear
42%
Minireena
42%
Radioactive Foxy
42%
Ringmaster Foxy
42%
Toxic Springtrap
42%
Boulder Toy Bonnie
40%
Frost Plushtrap
40%
Flaming Springtrap
39%
Magician Mangle
39%
Woodland Toy Freddy
39%
Clown Springtrap
37%
Melted Chocolate Bonnie
37%
Toy Cupcake
37%
Arctic Ballora
36%
Black Heart Bonnie
36%
Broiler Baby
36%
Curse
36%
Scorching Chica
36%
Swamp Balloon Boy
34%
Clockwork Ballora
33%
Frostbite Balloon Boy
33%
Serpent Mangle
31%
Catrina Toy Chica
27%
Piranha Plushtrap
27%
Big Bad Foxy
25%
Heartsick Baby
25%
Sunken Toy Bonnie
25%
Little Red Chica
24%
Skins: 8-Bit Cupcake
22%
Aeronaut Toy Freddy
22%
Flamethrower Bare Endo
22%
Dark Water Bare Endo
19%
Scorching Cupcake
19%
Arctic Minireena
15%
Torch Cupcake
13%
Clockwork Minireena
12%
Calavera Cupcake
9%
Moldy Cupcake
7%
Jack-o-Pumkin
4%
No matching quizzes found
Score Distribution
Percent of People with Each Score
Percentile by Number Answered
Your Score History
You have not taken this quiz